[Event "ITA-ch U20 26th"]
[Site "Bratto"]
[Date "2003.08.28"]
[Round "8"]
[White "Massironi, Marco"]
[Black "Longo, Luigi"]
[Result "1/2-1/2"]
[WhiteElo "2082"]
[BlackElo "1693"]
[PlyCount "59"]
[EventDate "2003.08.21"]
[EventType "swiss"]
[EventRounds "9"]
[EventCountry "ITA"]
[SourceTitle "EXT 2007"]
[Source "ChessBase"]
[SourceDate "2006.11.23"]
[SourceVersion "1"]
[SourceVersionDate "2006.11.23"]
[SourceQuality "1"]

1. e4 e6 2. d4 d5 3. Nd2 Nf6 4. e5 Nfd7 5. f4 c5 6. c3 Qb6 7. Ndf3 Nc6 8. g3 cxd4 9. cxd4 Bb4+ 10. Kf2 f6 11. Kg2 0-0 12. Bd3 Be7 13. h4 Nb4 14. Bb1 Qc7 15. a3 Nc6 16. Ng5 fxg5 17. Bxh7+ Kxh7 18. hxg5+ Kg8 19. g6 Rf5 20. Nf3 Nf8 21. g4 Nxg6 22. gxf5 exf5 23. Be3 Be6 24. b4 Qd7 25. Qg1 Kf7 26. Kf2 Rh8 27. Ng5+ Bxg5 28. Qxg5 Qe7 29. Qg3 Qe8 30. Rag1 1/2-1/2

[Event "ITA-ch U20 26th"]
[Site "Bratto"]
[Date "2003.08.24"]
[Round "4"]
[White "Procacci, Sergio"]
[Black "Longo, Luigi"]
[Result "0-1"]
[WhiteElo "1551"]
[BlackElo "1693"]
[PlyCount "70"]
[EventDate "2003.08.21"]
[EventType "swiss"]
[EventRounds "9"]
[EventCountry "ITA"]
[SourceTitle "EXT 2007"]
[Source "ChessBase"]
[SourceDate "2006.11.23"]
[SourceVersion "1"]
[SourceVersionDate "2006.11.23"]
[SourceQuality "1"]

1. c4 e6 2. Nc3 Nf6 3. e4 d5 4. e5 d4 5. exf6 dxc3 6. fxg7 cxd2+ 7. Qxd2 Qxd2+ 8. Bxd2 Bxg7 9. Rb1 b6 10. b4 Bb7 11. Nf3 Be4 12. Rd1 Nd7 13. Be2 0-0-0 14. 0-0 Ne5 15. Nxe5 Bxe5 16. Be3 Bb2 17. Rxd8+ Rxd8 18. Rd1 Rxd1+ 19. Bxd1 Bc3 20. b5 Bd3 21. Bb3 Kd7 22. f4 Kd6 23. Kf2 f6 24. g4 e5 25. g5 Bd4 26. Bxd4 exd4 27. gxf6 Ke6 28. c5+ Kxf6 29. cxb6 cxb6 30. a4 Kf5 31. Kf3 Bb1 32. Bg8 Kf6 33. Bb3 h6 34. h3 d3 35. h4 Bc2 0-1

[Event "ITA-ch U20 25th"]
[Site "Bratto"]
[Date "2002.08.26"]
[Round "7"]
[White "Longo, Luigi"]
[Black "Pulito, Alberto"]
[Result "0-1"]
[WhiteElo "1678"]
[BlackElo "2032"]
[PlyCount "58"]
[EventDate "2002.08.20"]
[EventType "swiss"]
[EventRounds "9"]
[EventCountry "ITA"]
[SourceTitle "EXT 2007"]
[Source "ChessBase"]
[SourceDate "2006.11.23"]
[SourceVersion "1"]
[SourceVersionDate "2006.11.23"]
[SourceQuality "1"]

1. d4 d5 2. c4 e6 3. Nc3 Nf6 4. Bg5 c6 5. e3 Nbd7 6. Nf3 Qa5 7. Nd2 Bb4 8. Qc2 Ne4 9. Ncxe4 dxe4 10. Bf4 0-0 11. Qd1 e5 12. Bg3 exd4 13. exd4 f5 14. a3 Be7 15. b4 Qd8 16. h3 f4 17. Bh2 e3 18. Nf3 Bh4 19. g3 exf2+ 20. Kxf2 fxg3+ 21. Bxg3 Bxg3+ 22. Kxg3 Nf6 23. Bg2 Ne4+ 24. Kh2 Nf2 25. Qb3 Nxh1 26. c5+ Kh8 27. Ne5 Qxd4 28. Nf7+ Rxf7 29. Qxf7 Qe5+ 0-1

[Event "ITA-ch U20 25th"]
[Site "Bratto"]
[Date "2002.08.25"]
[Round "6"]
[White "Longo, Luigi"]
[Black "Ferro, Mario"]
[Result "0-1"]
[WhiteElo "1678"]
[BlackElo "2191"]
[PlyCount "56"]
[EventDate "2002.08.20"]
[EventType "swiss"]
[EventRounds "9"]
[EventCountry "ITA"]
[SourceTitle "EXT 2007"]
[Source "ChessBase"]
[SourceDate "2006.11.23"]
[SourceVersion "1"]
[SourceVersionDate "2006.11.23"]
[SourceQuality "1"]

1. d4 d5 2. c4 e6 3. Nc3 c6 4. Nf3 f5 5. Bg5 Nf6 6. e3 Be7 7. Bd3 0-0 8. Qc2 Ne4 9. Bxe7 Qxe7 10. Ne5 Nd7 11. Nxd7 Bxd7 12. 0-0 Rf6 13. f3 Nxc3 14. bxc3 e5 15. f4 e4 16. Be2 Rh6 17. Rf2 Be6 18. c5 Rf8 19. g3 g5 20. Rb1 g4 21. Qb3 Rf7 22. a4 Rg6 23. Kg2 h5 24. Rff1 h4 25. Rh1 Rh7 26. Qb2 Rgh6 27. Qa1 Qf6 28. Rbc1 Qh8 0-1

[Event "ITA-ch U20 24th"]
[Site "Bratto"]
[Date "2001.08.23"]
[Round "2"]
[White "Ibba, Isacco"]
[Black "Longo, Luigi"]
[Result "1-0"]
[WhiteElo "1807"]
[BlackElo "1500"]
[PlyCount "109"]
[EventDate "2001.08.22"]
[EventType "swiss"]
[EventRounds "9"]
[EventCountry "ITA"]
[SourceTitle "EXT 2007"]
[Source "ChessBase"]
[SourceDate "2006.11.23"]
[SourceVersion "1"]
[SourceVersionDate "2006.11.23"]
[SourceQuality "1"]

1. e4 e6 2. Nf3 d5 3. Nc3 Nf6 4. e5 Nfd7 5. d4 c5 6. Ne2 cxd4 7. Nexd4 Nc6 8. Bb5 Nxd4 9. Nxd4 a6 10. Bxd7+ Bxd7 11. 0-0 Bc5 12. Qg4 Bxd4 13. Qxd4 f5 14. Rd1 Rc8 15. b3 Rxc2 16. Ba3 Kf7 17. Rd3 Qa5 18. Bb4 Qb5 19. Rad1 h6 20. Qh4 g5 21. Qh5+ Kg7 22. Be7 Be8 23. Qf3 Rh7 24. Rxd5 exd5 25. Qxf5 Bf7 26. Qxc2 Qc6 27. Qf5 Qe6 28. Qf6+ Qxf6 29. exf6+ Kg6 30. Rc1 Rh8 31. Rc7 Rb8 32. Bd6 Re8 33. Be7 Rb8 34. Bd6 Re8 35. Be7 Rb8 36. f3 b5 37. Bd6 Rd8 38. Be7 Ra8 39. b4 d4 40. a3 d3 41. Rd7 Bc4 42. g4 a5 43. Bd8 Rxd8 44. Rxd8 axb4 45. axb4 Kxf6 46. Kf2 Ke5 47. Ke3 Bd5 48. Rxd5+ Kxd5 49. Kxd3 Ke5 50. Ke3 Kd5 51. f4 gxf4+ 52. Kxf4 Kc4 53. h4 Kxb4 54. g5 hxg5+ 55. hxg5 1-0